000
nam a22 7a 4500
999
_c
55032
_d
55032
003
OSt
005
20220808150321.0
008
220808b xxu||||| |||| 00| 0 eng d
040
_c
IIMT UNIVERSITY
100
_a
MITTAL, P.K
245
_a
REAL ANALYSIN AND COME OF IMPRA INTG.
260
_a
MEERUT
_b
S.J
_c
2002
300
_a
270
942
_2
ddc
_c
09